| 000 | 00912nam a22002177a 4500 | ||
|---|---|---|---|
| 005 | 20260209155256.0 | ||
| 008 | 260209b |||||||| |||| 00| 0 eng d | ||
| 020 | _a9789353507664 | ||
| 040 | _cVITAP | ||
| 082 |
_223rd Ed. _a658.84 CZI |
||
| 100 |
_aCzinkota, Michael R. _917043 |
||
| 245 |
_aInternational Marketing _c/ Michael R. Czinkota, Ilkka A. Ronkainen and Annie Peng Cui |
||
| 250 | _a11th Ed. | ||
| 260 |
_aNew Delhi _bCengage Learning India Pvt. Ltd. _c2024 |
||
| 300 | _axxix, 604p. : ill. ; 27cm | ||
| 500 | _aIt includes Index Pages. | ||
| 650 | 0 |
_aInternational marketing; Marketing - International aspects; Marketing research - International aspects; Exports and imports (especially relating to marketing); Global marketing strategies; Consumer behaviour - International markets _917044 |
|
| 700 |
_aRonkainen, Ilkka A. _917045 |
||
| 700 |
_aCui, Annie Peng _917046 |
||
| 942 |
_2ddc _cBK |
||
| 999 |
_c47256 _d47256 |
||